000 00797nam a2200229 a 4500
001 86240
003 BD-RjUL
005 20260302124128.0
008 260302s20232003ii ||||| |||| 00| 0 ben d
020 _a9788177563115
035 _a(BD-RjUL)86240
040 _aBD-RjUL
_beng
_cBD-RjUL
041 _aben
082 _223
_a491.443
_bBHA 2023
100 _aভট্টাচার্য, সুভাষ
_97883
245 _aআধুনিক বাংলা প্রয়োগ অভিধান /
_cসুভাষ ভট্টাচার্য
260 _aকলকাতা :
_bআনন্দ,
_c২০২৩
300 _a৩৫৮ পৃ.;
_c২২ সেমি.
650 _aবাংলা অভিধান
_917846
650 _aBengali dictionary
_917847
942 _2ddc
_cBK
999 _c86240
_d86240